Statistiques concernant Les Sous-Préfectures les plus peuplées de France

Cliquez ici pour prendre le quiz!

Statistiques générales

  • Ce quiz a été pris 278 fois
    (176 depuis la dernière actualisation)
  • Le résultat moyen est 16 sur 24

Statistiques - réponses

PopulationRégionSous-Préfecture% Correct
139,9 KBretagneBrest
89%
168,3 KNormandieLe Havre
89%
181,2 KGrand-EstReims
89%
108,3 KGrand-EstMulhouse
87%
145,1 KProvence-Alpes-Côte-d'AzurAix-en-Provence
82%
86,3 KHauts-de-FranceDunkerque
77%
57,2 KBretagneLorient
77%
112,9 Kîle-de-FranceSaint-Denis
77%
72,5 KHauts-de-FranceCalais
76%
71,4 KPays de la LoireSaint-Nazaire
70%
121,6 Kîle-de-FranceBoulogne-Billancourt
69%
78,3 KOccitanieBéziers
68%
85 KRéunionSaint-Pierre
68%
111 Kîle-de-FranceArgenteuil
63%
103,2 KRéunionSaint-Paul
63%
55,5 KOccitanieNarbonne
60%
50,5 KProvence-Alpes-Côte-d'AzurArles
56%
51,9 KNouvelle-AquitaineBayonne
56%
54 KPays de la LoireCholet
55%
78,6 KNormandieCherbourg-en-Cotentin
53%
62,8 Kîle-de-FranceAntony
46%
55,8 Kîle-de-FranceMeaux
44%
59,2 Kîle-de-FranceSarcelles
39%
53,6 KHauts-de-FranceSaint-Quentin
36%

Distribution des résultats

Percentile par nombre de réponses

% des personnes avec chaque résultat

Votre développement - résultats

Vous n’avez pas pris ce quiz depuis la dernière actualisation